[Event "Michigan Class D/E"]
[Site "Auburn Hills"]
[Date "2005.01.15"]
[Round "1.8"]
[White "Larson, Eric"]
[Black "Barlow, Prince"]
[Result "1/2-1/2"]
[WhiteElo "1098"]
[BlackElo "1304"]
[PlyCount "82"]
[EventDate "2005.01.15"]
[EventType "swiss"]
[EventRounds "5"]
[EventCountry "USA"]
[SourceTitle "EXT 2006"]
[Source "ChessBase"]
[SourceDate "2005.11.24"]
[SourceVersion "1"]
[SourceVersionDate "2005.11.24"]
[SourceQuality "1"]

1. d4 e6 2. c4 Nf6 3. Nc3 Bb4 4. Bd2 c5 5. dxc5 Na6 6. Nf3 Nxc5 7. a3 Bxc3 8. Bxc3 b6 9. b4 Nce4 10. Bb2 0-0 11. h3 Qc7 12. e3 Bb7 13. Bd3 Ne8 14. Qc2 f5 15. 0-0 N8f6 16. Nd2 d5 17. Nxe4 fxe4 18. cxd5 Qxc2 19. Bxc2 exd5 20. Bb3 Ba6 21. Bxf6 Bxf1 22. Bxd5+ Kh8 23. Bxg7+ Kxg7 24. Bxa8 Bxg2 25. Kxg2 Rxa8 26. Rc1 Kf6 27. Rc7 a6 28. Rc6+ Kg5 29. Re6 Rg8 30. Kh2 Rf8 31. Kg2 Rg8 32. Rxe4 Kf5+ 33. Kf3 Rc8 34. Re7 a5 35. Rb7 axb4 36. Rxb6 bxa3 37. Ra6 Rc3 38. Ra8 Kg5 39. Ke4 Kh4 40. Kd4 Rb3 41. Kc4 Rb2 1/2-1/2